000 00368 a2200109 4500
001 ART_28156
005 20260410161951.0
008 260409a
245 1 0 _aLa empresa familiar frente al nuevo Código Civil y Comercial
100 1 _aFavier Dubois, Eduardo Mario (h)
773 0 _tTemas de derecho comercial
_g- Año 1, Nº 2 (feb. 2015)
_wREV28151
999 _c30395
_d30395